00965 a2200157 45000010006000000050017000060080041000230030015000640400040000790800036001192450060001552640038002153000018002535050508002711000028007792928620260407155602.0260407a1976 arg spa dAR-UNSa-BCEJYS aAR-UNSa-BCEJYSbspacAR-UNSa-BCEJYS a657.41xContabilidad Financiera10aLa información contable y la rentabilidad del capital 1aBuenos Aires :bEl Coloquioc1976 a95 p.c22 cm. a1. Medida de la eficacia en la aplicación del capital - 2. Razones que justifican la medición con alcance diverso - 3. Los estados contables y la determinación de los factores basicosque permiten el calculo de la rentabilidad - 4. Deterioro del signo monetario y su incidencia en el calculo de la rentabilidad - 5. Capital aplicado - 6. Posibilidad de caracterizar al capital y asignarlo a conjuntos de resultados - 7. Otros elementos utilizados para profundizar interpretacion de la rentabilidad.1 aArreghini, Hugo Ricardo